00485nam a22001457a 4500008004100000020001800041050002100059100004100080245005500121260003100176300003500207500004200242504003500284650002000319130624t20082013MX ||||| |||| 00| 0 SPA d a9789682608650 aN5300b L69 2008 aLozano Fuentes, José Manueleautor aHistoria del artec/ José Manuel, Lozano Fuentes aMéxicob: Patriac, 2008 a604 páginasb: ilustraciones aIncluye: Indice de materias, Glosario aBibliografía (pp. 605 - 611) 0aARTE xHISTORIA